Emisia eurobondov SPP je posledným krokom konsolidácie spoločnosti rozhovor s riaditeľom Divízie ekonomiky, obchodu a správy SPP, š.p., Ing. Rastislavom Jamrichom

Podrobná bibliografia
Hlavní autori: Pavlík, Tomáš (ain), Jamrich, Rastislav (Autor)
Médium: Článok
Jazyk:slovenčina
ISSN:0862-9567
Predmet:

MARC

LEADER 00000nab a2200000 a 4500
001 vtls000702822
003 SK-MaSNL
005 20260426062802.0
008 140228c1999 xo 0 slo
015 |a SNBRB1999/10-23330 
035 |a CLN000054989 
040 |a SNKBUCL  |b slo  |c SNKBUCL  |e AACR2 
041 0 |a slo 
044 |a xo  |c SK 
080 |a 658.144:662.76:622.691.4:061.5(437.6)  |2 1997 
080 |a 662.76:622.691:061.5(437.6)  |2 1997 
080 |a 336.766  |2 1997 
100 1 |a Pavlík, Tomáš  |4 ain  |9 755184 
245 1 0 |a Emisia eurobondov SPP je posledným krokom konsolidácie spoločnosti  |b rozhovor s riaditeľom Divízie ekonomiky, obchodu a správy SPP, š.p., Ing. Rastislavom Jamrichom  |c [zhováral sa] Tomáš Pavlík 
610 7 |a Slovenský plynárenský priemysel  |x eurobondy  |2 snkbucl  |9 1282948 
651 7 |a Bratislava (Slovensko)  |2 snkbucl  |9 14568 
655 7 |a články z novín a časopisov  |2 snkbucl  |9 267496 
700 1 |a Jamrich, Rastislav  |4 aut  |9 1282949 
773 0 |t Hospodárske noviny  |g Roč. 7, č. 199 (15.-17.10.1999)  |x 0862-9567 
773 0 |t [Príl.] Burzové noviny  |g Č. 199, s. 2  |x 0862-9567 
850 |a Slovenská národná knižnica v Martine 
852 |a SNK  |b KIS3GCP 
958 |a SK 
992 |a RBX 
999 |c 2549413  |d 2551343